Statistics for Biological Molecules

Click here to take the quiz!

General Stats

  • This quiz has been taken 90 times
  • The average score is 2 of 15

Answer Stats

HintAnswer% Correct
What do condensation reactions produce?Water
79%
Name the three monosaccharides.Glucose, Galactose, Fructose
33%
Name the test for proteins.Biuret
19%
Are the tails of lipids hydrophobic or hydrophillic?Hydrophobic
17%
What bond forms between lipids?Ester
15%
Which is the non reducing sugar?Sucrose
12%
What do plants store excess glucose as?Starch
8%
What do animals store excess glucose as?Glycogen
6%
What bond is formed between carbohydrates?Glycosidic
6%
How many protein structures are there?4
4%
What are enzymes?Biological catalysts
4%
What is maltose formed from?Two alpha glucose molecules
4%
Which glucose is cellulose made from?Beta glucose
2%
Name the two polysaccharides in starch.Amylopectin and Amylose
0%
What structure does an enzyme have?Tertiary
0%

Score Distribution

Percentile by Number Answered

Percent of People with Each Score

Your Score History

You have not taken this quiz